Prénoms garçons donnés en France 1900-2024 - Statistiques

Statistiques générales
  • Ce quiz a été pris 943 fois
    894 depuis la dernière actualisation
  • Le résultat moyen est 66 sur 268
Statistiques - réponses
Hint Réponse % Correct
A Alex
77%
A Antoine
76%
A Alexandre
73%
B Bernard
68%
A Arthur / Artur
66%
C Charles
65%
B Ben
64%
A Alexis
62%
A Anthony / Antony / Anthonie
62%
F François
62%
A Albert
60%
C Chris
60%
A André
59%
B Baptiste
59%
A Alain / Allain
58%
E Eric / Erik
58%
B Bastien
57%
C Christophe
57%
G Gabriel
57%
A Axel
56%
G Gérard
56%
B Benjamin
55%
D David
55%
B Benoît
54%
C Christian
54%
D Damien
54%
E Ellie / Elie / Elly
54%
F Fabien
54%
B Bertrand
53%
F Fabrice
53%
F Fred
53%
A Adrien
52%
F Franck / Frank
52%
C Clément
51%
E Émile
51%
A Armand
50%
D Dany
50%
A Arnaud
49%
C Claude
49%
D Dominique
49%
E Etienne
49%
G Gilles / Gil
48%
C Charly / Charlie
47%
C Corentin
47%
F Frédéric
47%
G Greg
47%
A Alban
46%
B Bruno
46%
E Emilien
46%
G Guillaume
46%
F Florent
45%
F Florian
45%
F Francis
45%
G Georges
45%
A Aurélien
44%
D Daniel
44%
D Didier
44%
E Ethan
44%
G Grégory
44%
A Adam
43%
D Denis
43%
E Elio / Elyo
43%
G Guy
43%
A Antonin
42%
C Camille
42%
G Grégoire
42%
A Ali
41%
A Auguste
41%
E Enzo
41%
G Gaston
41%
A Augustin
40%
D Dorian
40%
G Gabin
40%
C Cédric
39%
G Gaspard
39%
B Basile
38%
E Evan / Evann
38%
G Gaël
38%
B Boris
37%
B Brice
37%
E Edouard
37%
E Emmanuel
37%
E Esteban
37%
F Fernand
36%
G Gustave
35%
A Alphonse
34%
C Cyril
34%
A Alfred
33%
C Carl
33%
E Eliot / Eliott
33%
F Félix
32%
G Gaëtan
32%
G Gilbert
32%
A Abel
31%
A Alan / Allan
30%
G Germain
30%
A Aaron / Aron
29%
A Amaury
29%
D Dimitri
29%
A Aymeric
28%
E Eddie / Eddy
28%
E Erwan / Erwann
28%
G Gérald
28%
A Anatole
27%
B Barnabé
27%
D Dylan
27%
E Eden
27%
F Firmin
27%
A Aimé
26%
A Ange
26%
C Christopher
26%
C Colin
25%
E Ernest
25%
E Eugène
25%
F Flavien
25%
A Achille
24%
A Adolphe
24%
A Andréa
24%
B Bryan / Brian
24%
C Carlos
24%
C Clovis
24%
A Alix
23%
A Amir
23%
F Ferdinand
23%
G Ghislain
23%
A Amine
22%
E Edmond
22%
E Elias
22%
G Gauthier / Gautier
21%
A Adel
20%
C Constant
20%
E Eloi
20%
A Alessio
19%
A Aristide
19%
B Bruce
19%
A Antonio
18%
A Arsène
18%
A Ayden
18%
C Côme
18%
F Felicien
18%
A Adrian / Adriann
17%
A Ambroise
17%
A Angel
17%
A Armel
17%
B Billy
17%
C Celestin
17%
D Diego
17%
D Donovan
17%
F Freddy / Freddie
17%
A Abdel
16%
B Blaise
16%
E Emeric
16%
A Ahmed
15%
A Alessandro
15%
A Aloïs
15%
A Aurèle
15%
B Bilal
15%
B Brandon
15%
D Donatien
15%
E Edgard
15%
E Emilio
15%
E Ewen
15%
F Fabio
15%
F Farid
15%
F Filip
15%
G Gaby
15%
G Gwenaël
15%
A Aubin
14%
C César
14%
A Andy
13%
A Angelo
13%
B Barthelemy
13%
B Bastian
13%
E Ezio
13%
F Florentin
13%
F Francky
13%
G Geoffrey
13%
C Clotaire
12%
C Cyprien
12%
A Amédée
11%
F Fabian
11%
F Flavio
11%
A Alec
10%
A Andréas
10%
A Andrew
10%
A Ariel
10%
D Davy
10%
D Désiré
10%
F Fernando
10%
A Amour
9%
A Armando
9%
C Claudius
9%
D Dario
9%
D Darius
9%
G Glen
9%
A Adem
8%
A Alexander
8%
A Aylan
8%
B Bradley
8%
D Driss
8%
E Ezra
8%
G Gian
8%
G Giovanni
8%
A Adriano
7%
A Alexio
7%
A Anas
7%
B Benedict
7%
B Brieux / Brieuc
7%
E Eloan
7%
E Enrique
7%
E Eustache
7%
F Francesco
7%
G Gwendal
7%
A Alvin
6%
A Azize
6%
G Gad
6%
C Calvin
5%
C Cameron
5%
C Casimir
5%
C Charles Henri
5%
E Edwin
5%
F Farès
5%
G Gonzague
5%
A Akram
4%
A Andrès
4%
B Baudoin
4%
C Cody
4%
E Elvis
4%
E Elyes
4%
E Ezekiel
4%
F François Xavier
4%
G Gauvain
4%
A Antime
3%
A Archie
3%
A Armani
3%
B Brahim
3%
B Byron
3%
C Cayden
3%
C Chad
3%
C Chérif
3%
C Curtis
3%
D Daren
3%
D Daryl
3%
D Dieudonné
3%
E Elijah
3%
E Elouann
3%
F Fantin
3%
F Floris
3%
G Gavin
3%
G Gianny
3%
G Giorgio
3%
G Gwenn
3%
B Batista
2%
C Camilo
2%
C Charles Antoine
2%
E Enael
2%
E Enzio
2%
F Fortuné
2%
G Gamain
2%
G Gervaise
2%
G Gery
2%
G Gordon
2%
G Gurvan
2%
A Abriel
1%
E Evans
1%
F Florenzo
1%
F Forrest
1%
F Foucauld
1%
Aucun quiz correspondant
Distribution des résultats
% des personnes avec chaque résultat
Percentile par nombre de réponses
Votre historique - résultats
Vous n’avez pas pris ce quiz depuis la dernière actualisation